[Event "Olimpiade 2022 - Open"]
[Site "Chennai"]
[Date "09.08.2022"]
[Round "11.66"]
[Board "4"]
[White "Lee, Ethan"]
[Black "Gabriel, Davidson"]
[Result "0-1"]
[WhiteElo "1515"]
[BlackElo "1915"]
[WhiteTeam "Guyana"]
[BlackTeam "Haiti"]
[WhiteFideId "19700660"]
[BlackFideId "11901284"]
[EventDate "2022.07.29"]

1. d4 Nf6 2. Bf4 d5 3. e3 e6 4. Nf3 Bd6 5. Bg3 Ne4 6. Bd3 Nxg3 7. hxg3 h6 8.
Nbd2 c5 9. c3 Qb6 10. Rb1 Bd7 11. e4 cxd4 12. Nxd4 dxe4 13. Nxe4 Be7 14. g4 Nc6
15. Nf3 O-O-O 16. Bc2 f5 17. gxf5 exf5 18. Nd6+ Bxd6 19. Qxd6 Rhe8+ 20. Kf1 Be6
21. Qg3 Re7 22. Rh5 Qa6+ 23. Kg1 Qxa2 24. Rxf5 Bb3 25. Qg4 Bxc2 26. Rf7+ Red7 0-1

[Event "Olimpiade 2022 - Open"]
[Site "Chennai"]
[Date "09.08.2022"]
[Round "11.67"]
[Board "2"]
[White "Giasi, Viresh"]
[Black "Islam Sh.Nour, Kassim"]
[Result "1-0"]
[WhiteTitle "FM"]
[WhiteElo "2006"]
[BlackElo "1873"]
[WhiteTeam "Suriname"]
[BlackTeam "Somalia"]
[WhiteFideId "8200165"]
[BlackFideId "16100360"]
[EventDate "2022.07.29"]

1. e4 b6 2. d4 Bb7 3. Nd2 e6 4. Ngf3 Nf6 5. Bd3 c5 6. c3 Nc6 7. O-O Be7 8. a3 d5
9. e5 Nd7 10. Re1 Qc7 11. Nf1 c4 12. Bc2 h6 13. N3d2 O-O-O 14. b3 Na5 15. bxc4
dxc4 16. Qe2 Kb8 17. Rb1 Rc8 18. Be4 g5 19. Bxb7 Qxb7 20. Qh5 Rh7 21. Ng3 Nf8
22. Nge4 Ng6 23. g3 Rg8 24. Qf3 h5 25. Nf6 Bxf6 26. Qxb7+ Kxb7 27. exf6 h4 28.
Ne4 hxg3 29. fxg3 Nh8 30. Bxg5 Rh5 31. h4 Kc6 32. a4 Ng6 33. Kf2 Rhh8 34. Nd2
Rc8 35. Nf3 Nb7 36. g4 Nd6 37. h5 Nf8 38. Bf4 Nd7 39. Ne5+ Nxe5 40. dxe5 Nb7 41.
Be3 Rcg8 42. Kf3 Rd8 43. Rbd1 Rd5 44. Rxd5 exd5 45. Kf4 Kd7 46. Kf5 Nd8 47. Rh1
Ne6 48. g5 Nf8 49. Bc1 Ke8 50. Ba3 Ng6 51. e6 fxe6+ 52. Kxg6 Rg8+ 53. Kh6 Kf7
54. g6+ Kxf6 55. Rf1+ Ke5 56. Kh7 Rc8 57. g7 Rc7 58. Kg6 Rxg7+ 59. Kxg7 d4 60.
Re1+ Kd5 1-0

[Event "Olimpiade 2022 - Open"]
[Site "Chennai"]
[Date "09.08.2022"]
[Round "11.68"]
[Board "2"]
[White "Al-Sulaiti, Ghanem"]
[Black "Ahmed, Ashraf"]
[Result "1-0"]
[WhiteTitle "FM"]
[BlackTitle "FM"]
[WhiteElo "2183"]
[BlackElo "1838"]
[WhiteTeam "Qatar"]
[BlackTeam "Maldives"]
[WhiteFideId "12100358"]
[BlackFideId "16700031"]
[EventDate "2022.07.29"]

1. e4 c5 2. Nf3 d6 3. Bb5+ Nd7 4. c3 Nf6 5. Qe2 a6 6. Ba4 b5 7. Bc2 Bb7 8. O-O
e6 9. d4 cxd4 10. cxd4 Be7 11. a4 bxa4 12. Rxa4 O-O 13. Nc3 Qb6 14. e5 Bxf3 15.
gxf3 dxe5 16. dxe5 Nd5 17. Qd3 g6 18. Nxd5 exd5 19. Qxd5 Rad8 20. Qa5 Qb5 21. f4
Nc5 22. Qxb5 axb5 23. Ra7 Rfe8 24. Be3 Ne6 25. Rd1 Bc5 26. Rad7 Bxe3 27. fxe3
Rxd7 28. Rxd7 Rd8 29. Rxd8+ Nxd8 30. Bb3 Kf8 31. Kf2 Ke7 32. Bd5 Kd7 33. b4 Ne6
34. Bxe6+ Kxe6 35. e4 h6 36. h4 g5 37. hxg5 hxg5 38. fxg5 Kxe5 39. Ke3 Ke6 40.
Kf4 Kd7 41. Kf5 Ke7 42. Ke5 1-0

[Event "Olimpiade 2022 - Open"]
[Site "Chennai"]
[Date "09.08.2022"]
[Round "11.71"]
[Board "1"]
[White "Hassan Sidi Mohamed Cheikh"]
[Black "Fancy, Stuart"]
[Result "0-1"]
[BlackTitle "FM"]
[WhiteElo "1825"]
[BlackElo "1984"]
[WhiteTeam "Mauritania"]
[BlackTeam "Papua New Guinea"]
[WhiteFideId "19601433"]
[BlackFideId "9100024"]
[EventDate "2022.07.29"]

1. d4 d5 2. c4 Nc6 3. e3 dxc4 4. Bxc4 e5 5. d5 Nce7 6. Nf3 Ng6 7. h4 Bb4+ 8. Nc3
Bxc3+ 9. bxc3 e4 10. Ng5 Nf6 11. Ba3 h6 12. Nh3 Nxh4 13. Nf4 Nf5 14. Nh5 Nxh5
15. Qxh5 Qf6 16. Rc1 Bd7 17. Bb3 g6 18. Qh2 O-O-O 19. c4 Qg5 20. Rc3 h5 21. c5
Bb5 22. d6 c6 23. Bb4 Qf6 24. Rc1 Rhe8 25. Bc3 Qg5 26. Qh3 Rd7 27. Rg1 Qg4 28.
Qxg4 hxg4 29. Rh1 b6 30. a4 Ba6 31. cxb6 axb6 32. Bb4 Kb7 33. Rh7 g3 34. Bxf7
gxf2+ 35. Kxf2 Rf8 36. Bxg6 Rxh7 37. d7 Nd6+ 38. Kg1 Rxd7 39. Rd1 Bd3 40. a5 Rg8
41. a6+ Kxa6 42. Bxd6 Rxg6 43. Bf4 Rdg7 44. g3 Rxg3+ 45. Bxg3 Rxg3+ 46. Kf2 Rf3+ 0-1

[Event "Olimpiade 2022 - Open"]
[Site "Chennai"]
[Date "09.08.2022"]
[Round "11.71"]
[Board "3"]
[White "Boidiya, Sidi"]
[Black "Jones, Rupert"]
[Result "1-0"]
[WhiteTitle "FM"]
[BlackTitle "FM"]
[WhiteElo "1997"]
[BlackElo "1766"]
[WhiteTeam "Mauritania"]
[BlackTeam "Papua New Guinea"]
[WhiteFideId "19600100"]
[BlackFideId "9100121"]
[EventDate "2022.07.29"]

1. e4 c5 2. Nc3 a6 3. g3 Nc6 4. Bg2 g6 5. d3 Bg7 6. Be3 d6 7. Qd2 Nd4 8. a4 Nf6
9. h3 O-O 10. Nge2 e5 11. f4 Nh5 12. f5 Rb8 13. g4 Nf4 14. Nxf4 exf4 15. Bxf4
gxf5 16. gxf5 Qh4+ 17. Kf1 Be5 18. Bxe5 dxe5 19. Nd5 Kh8 20. Re1 b5 21. axb5
axb5 22. c3 Nb3 23. Qf2 Qg5 24. h4 Qg4 25. Bf3 Nd2+ 26. Ke2 Qxf3+ 27. Qxf3 Nxf3
28. Kxf3 Bb7 29. Nf6 Rbd8 30. Ke3 Rd6 31. Ng4 f6 32. Rd1 Rfd8 33. Rhg1 Ba6 34.
Nh6 R6d7 35. d4 cxd4+ 36. cxd4 Rg7 37. dxe5 Rxd1 38. Rxd1 1-0

[Event "Olimpiade 2022 - Open"]
[Site "Chennai"]
[Date "09.08.2022"]
[Round "11.72"]
[Board "2"]
[White "Sixtus Gabriel"]
[Black "Alharthi, Ahmed Mohammed A"]
[Result "1/2-1/2"]
[WhiteElo "1787"]
[BlackElo "1935"]
[WhiteTeam "Saint Lucia"]
[BlackTeam "Saudi Arabia"]
[WhiteFideId "23000180"]
[BlackFideId "21522642"]
[EventDate "2022.07.29"]

1. e4 d5 2. exd5 Nf6 3. d4 Qxd5 4. Nc3 Qa5 5. Be2 Bf5 6. Nf3 Nbd7 7. O-O e6 8.
a3 c6 9. Bf4 h6 10. b4 Qd8 11. Na4 Nd5 12. Bg3 b5 13. c4 bxc4 14. Bxc4 N7b6 15.
Ba6 Bd6 16. Bb7 Rb8 17. Bxc6+ Ke7 18. Re1 Bxg3 19. hxg3 Qd6 20. Rc1 Rhc8 21.
Nxb6 Nxb6 22. Bb5 Nd5 23. Rxc8 Rxc8 24. Qa4 Qb6 25. Qa6 Rc3 26. Qxb6 axb6 27.
Ra1 Nc7 28. Be2 b5 29. Kf1 Bd3 30. Ne5 Bxe2+ 31. Kxe2 Rc2+ 32. Ke1 Nd5 33. a4 f6
34. Ng6+ Kd6 35. axb5 Nxb4 36. Nf4 Rc4 37. Ra7 g5 38. Ne2 Nc2+ 39. Kd2 Nxd4 40.
Kd3 Nxb5 41. Rh7 Ra4 42. Rxh6 Ke5 43. f4+ Kf5 44. g4+ Kxg4 45. Rxf6 gxf4 46.
Rxe6 Nc7 47. Rd6 Ra3+ 48. Kd2 Ne8 49. Rd4 Ra2+ 50. Ke1 Ng7 51. Rxf4+ Kg5 52. Rb4
Nf5 53. Kf2 Rc2 54. g4 Nh6 55. Kf3 Ra2 56. Rb5+ Kg6 57. Nf4+ Kf7 58. Rb7+ Kf6
59. Nh5+ Kg5 60. Rb5+ Kh4 61. Nf6 Ra3+ 62. Kf4 Ra4+ 63. Kf3 Ra3+ 64. Kf2 Nxg4+
65. Nxg4 Kxg4 1/2-1/2

[Event "Olimpiade 2022 - Open"]
[Site "Chennai"]
[Date "09.08.2022"]
[Round "11.72"]
[Board "3"]
[White "Alzamil, Abdulaziz"]
[Black "Mathurin, Nathaniel"]
[Result "1-0"]
[WhiteElo "1871"]
[BlackElo "1722"]
[WhiteTeam "Saudi Arabia"]
[BlackTeam "Saint Lucia"]
[WhiteFideId "21507996"]
[BlackFideId "23000139"]
[EventDate "2022.07.29"]

1. d4 Nf6 2. Nf3 d5 3. Bf4 c5 4. e3 Nc6 5. c3 Nh5 6. Bg5 h6 7. Bh4 g5 8. Bg3
Nxg3 9. hxg3 Bg7 10. Qc2 Qb6 11. Nbd2 cxd4 12. exd4 Bg4 13. Be2 Rd8 14. Nf1 e5
15. Ne3 Be6 16. dxe5 g4 17. Nh4 Bxe5 18. Nxg4 Bxg4 19. Bxg4 d4 20. O-O-O dxc3
21. Rxd8+ Qxd8 22. f4 cxb2+ 23. Kb1 Bf6 24. Nf5 Kf8 25. Re1 Nb4 26. Qc5+ Kg8 27.
Rd1 Qf8 28. Qxa7 Qe8 29. Qxb7 Qa4 30. Qc8+ Kh7 31. Qc4 Qxa2+ 32. Qxa2 Nxa2 33.
Kxa2 Ra8+ 34. Kb1 Ra1+ 35. Kc2 b1=Q+ 36. Rxb1 Ra2+ 37. Kd3 Rxg2 38. Rh1 Bg7 39.
Bf3 Ra2 40. Be4 Kg8 41. Rc1 1-0

[Event "Olimpiade 2022 - Open"]
[Site "Chennai"]
[Date "09.08.2022"]
[Round "11.73"]
[Board "2"]
[White "Schadler, Martin"]
[Black "Winston Gerald, Mansfield Thomas"]
[Result "0-1"]
[WhiteElo "1939"]
[BlackElo "1832"]
[WhiteTeam "Liechtenstein"]
[BlackTeam "Sierra Leone"]
[WhiteFideId "12000019"]
[BlackFideId "17800048"]
[EventDate "2022.07.29"]

1. d4 d6 2. e4 Nf6 3. Nc3 c6 4. f4 Qc7 5. Nf3 Nbd7 6. Bd3 e5 7. O-O b5 8. fxe5
dxe5 9. dxe5 Nxe5 10. Nxe5 Qxe5 11. Kh1 Be6 12. Bf4 Qc5 13. Qe1 Qb4 14. Nd5 Nxd5
15. exd5 cxd5 16. Qxb4 Bxb4 17. Bxb5+ Ke7 18. Bd3 Bd6 19. Rad1 Bxf4 20. Rxf4
Rhb8 21. b3 g6 22. Re1 g5 23. Rd4 Kd6 24. Rd1 Ke5 25. c3 Rc8 26. Re1+ Kf6 27.
Rf1+ Kg7 28. Rc1 Rc7 29. c4 Rac8 30. h3 h6 31. Kg1 a5 32. h4 Kf6 33. Kf2 Ke5 34.
Ke3 f5 35. g3 Rg8 36. Rg1 f4+ 37. Rxf4 gxf4+ 0-1

[Event "Olimpiade 2022 - Open"]
[Site "Chennai"]
[Date "09.08.2022"]
[Round "11.73"]
[Board "4"]
[White "Frick, Renato"]
[Black "Adeshole Beckley, Brian"]
[Result "1-0"]
[WhiteElo "1900"]
[BlackElo "1590"]
[WhiteTeam "Liechtenstein"]
[BlackTeam "Sierra Leone"]
[WhiteFideId "12000027"]
[BlackFideId "17800013"]
[EventDate "2022.07.29"]

1. e4 e6 2. d4 d5 3. Nc3 Nf6 4. e5 Nfd7 5. f4 c5 6. Nf3 Nc6 7. Be3 cxd4 8. Nxd4
Bc5 9. Qd2 O-O 10. O-O-O Nxd4 11. Bxd4 a6 12. Bxc5 Nxc5 13. Bd3 b5 14. Qf2 Qb6
15. Kb1 b4 16. Ne2 a5 17. g4 Ba6 18. f5 Rfb8 19. Nf4 a4 20. fxe6 fxe6 21. Bxh7+
Kxh7 22. Qh4+ Kg8 23. Ng6 b3 24. Qh8+ Kf7 25. Rhf1+ 1-0

[Event "Olimpiade 2022 - Open"]
[Site "Chennai"]
[Date "09.08.2022"]
[Round "11.74"]
[Board "4"]
[White "Albury, Noah"]
[Black "Ndiaye, Amadou"]
[Result "1-0"]
[WhiteElo "1324"]
[BlackElo "1968"]
[WhiteTeam "Bahamas"]
[BlackTeam "Mali"]
[WhiteFideId "10401130"]
[BlackFideId "19800193"]
[EventDate "2022.07.29"]

1. e4 c5 2. Nf3 g6 3. d4 cxd4 4. Nxd4 Bg7 5. Nc3 Nc6 6. Be3 d6 7. Qd2 Nf6 8. f3
O-O 9. O-O-O a5 10. h4 Bd7 11. h5 Nxd4 12. Bxd4 b5 13. hxg6 fxg6 14. e5 b4 15.
exf6 bxc3 16. Bc4+ e6 17. Bxc3 Bxf6 18. Bxf6 Qxf6 19. Qxd6 Rab8 20. Qd4 Qg5+ 21.
Kb1 Rb7 22. Qh4 Qxh4 23. Rxh4 Rfb8 24. b3 a4 25. Rhd4 Bc8 26. Rd8+ Kg7 27. Ba6
Rc7 28. Rxc8 Rbxc8 29. Bxc8 Rxc8 30. bxa4 Rb8+ 31. Kc1 Rb4 32. Rd7+ Kf6 33. Rxh7
Rxa4 34. Kb2 Rb4+ 35. Kc3 Ra4 36. Kb3 Rd4 37. a4 Rd6 38. a5 Ra6 39. Kb4 Ke5 40.
Kb5 Rd6 41. c4 Rd2 42. g3 Rb2+ 43. Kc5 Ra2 44. Ra7 Ra3 45. f4+ Ke4 46. Kd6 Rxg3
47. Kxe6 Rc3 48. Rc7 Ra3 49. Rc5 Kd4 50. Kd6 Rf3 51. a6 Rxf4 52. Ra5 Rf8 53. a7
Kxc4 54. a8=Q Rxa8 55. Rxa8 Kd4 56. Rg8 1-0

[Event "Olimpiade 2022 - Open"]
[Site "Chennai"]
[Date "09.08.2022"]
[Round "11.76"]
[Board "1"]
[White "Shawabke Ziyad"]
[Black "dos Reis, Tito"]
[Result "1-0"]
[BlackTitle "CM"]
[WhiteElo "1786"]
[BlackElo "1658"]
[WhiteTeam "Palestine"]
[BlackTeam "Timor-Leste"]
[WhiteFideId "11503556"]
[BlackFideId "31900291"]
[EventDate "2022.07.29"]

1. c4 d6 2. d4 Nf6 3. Nc3 c6 4. e4 Qa5 5. Bd3 h6 6. Ne2 Bg4 7. f3 Bc8 8. Be3
Nbd7 9. Qd2 e5 10. d5 Be7 11. O-O a6 12. a3 c5 13. Rfb1 Qd8 14. b4 b6 15. Bc2
Nf8 16. Ba4+ Bd7 17. Bxd7+ N8xd7 18. bxc5 bxc5 19. Qc2 O-O 20. Bd2 Nh5 21. a4
Qc8 22. a5 Rb8 23. Rxb8 Qxb8 24. Qa4 Nhf6 25. Qc6 Rc8 26. Qxa6 Qa8 27. Qb5 Qa7
28. Qa4 Bd8 29. Nb5 Qa6 30. Ng3 Kf8 31. Nf5 Ne8 32. Nbxd6 Nxd6 33. Qxd7 Nxc4 34.
Bc3 Bg5 35. Rb1 Ra8 36. Rb7 Qg6 37. a6 Rd8 38. Qb5 Ne3 39. Qxc5+ Kg8 40. Rb6 Qh5
41. Nxe3 Bf4 42. Nf1 g5 43. a7 g4 44. fxg4 Qxg4 45. Rb8 Rxb8 46. axb8=Q+ Kh7 47.
Bxe5 1-0

[Event "Olimpiade 2022 - Open"]
[Site "Chennai"]
[Date "09.08.2022"]
[Round "11.76"]
[Board "4"]
[White "da Conceicao, Marcos"]
[Black "Seder, Mohamad"]
[Result "0-1"]
[WhiteElo "1713"]
[BlackElo "1950"]
[WhiteTeam "Timor-Leste"]
[BlackTeam "Palestine"]
[WhiteFideId "31901336"]
[BlackFideId "11505567"]
[EventDate "2022.07.29"]

1. e4 e6 2. b3 d5 3. exd5 exd5 4. Bb2 Nf6 5. d4 Bf5 6. Nf3 Bd6 7. Be2 O-O 8. O-O
Nbd7 9. Nbd2 Re8 10. c4 c6 11. c5 Bc7 12. Re1 Ne4 13. h3 Qf6 14. Nf1 Qe6 15. Ne3
Nxf2 16. Kxf2 Qxe3+ 17. Kf1 Bg3 0-1

[Event "Olimpiade 2022 - Open"]
[Site "Chennai"]
[Date "09.08.2022"]
[Round "11.78"]
[Board "3"]
[White "Alhejab, Meshal"]
[Black "Sharikhan, Shawal"]
[Result "1-0"]
[WhiteElo "1732"]
[BlackElo "1789"]
[WhiteTeam "Kuwait"]
[BlackTeam "Brunei Darussalam"]
[WhiteFideId "10302603"]
[BlackFideId "10501673"]
[EventDate "2022.07.29"]

1. e4 c5 2. Nf3 d6 3. d4 cxd4 4. Nxd4 Nf6 5. Nc3 a6 6. Be2 e5 7. Nb3 Be7 8. Be3
Be6 9. Qd3 Nbd7 10. Nd5 Bxd5 11. exd5 O-O 12. c4 Rc8 13. O-O Ne8 14. Rac1 f5 15.
f4 e4 16. Qd2 Bf6 17. Nd4 Bxd4 18. Bxd4 Qe7 19. b4 Nef6 20. Qe3 Kh8 21. Rfd1 a5
22. a3 axb4 23. axb4 h6 24. Qh3 Nh7 25. Qxh6 Nf6 26. Qg6 Qf7 27. Qxf5 1-0

[Event "Olimpiade 2022 - Open"]
[Site "Chennai"]
[Date "09.08.2022"]
[Round "11.79"]
[Board "1"]
[White "Hlophe, Smilo"]
[Black "Chinasamy, Devarajen"]
[Result "0-1"]
[WhiteTitle "CM"]
[BlackTitle "CM"]
[WhiteElo "1731"]
[BlackElo "1970"]
[WhiteTeam "Eswatini"]
[BlackTeam "Mauritius"]
[WhiteFideId "20700245"]
[BlackFideId "9700072"]
[EventDate "2022.07.29"]

1. d4 d5 2. Nf3 Nf6 3. g3 c6 4. Bg2 Bf5 5. c4 a6 6. Nc3 e6 7. Qb3 Ra7 8. O-O
Nbd7 9. Bf4 Be7 10. h3 O-O 11. Nd2 Bg6 12. e4 dxe4 13. Ndxe4 Nxe4 14. Nxe4 Bxe4
15. Bxe4 Bg5 16. Bxg5 Qxg5 17. Qe3 Qxe3 18. fxe3 Raa8 19. b4 Rab8 20. a4 f5 21.
Bd3 g6 22. b5 c5 23. d5 exd5 24. cxd5 Ne5 25. Be2 a5 26. b6 Rbd8 27. Rfd1 Rd6
28. Rab1 Nd7 29. Rb5 Ra8 30. Rc1 Kg7 31. Rcxc5 Nxc5 32. Rxc5 Rxb6 33. Rc7+ Kh8
34. g4 Rd8 35. Rc5 Rbd6 36. Bf3 b6 37. Rc7 R8d7 38. Rc8+ Kg7 39. Kg2 Re7 40.
gxf5 gxf5 41. Kf2 Kf6 42. Ke2 Ke5 43. Kd3 Rh6 44. Bg2 Rg6 45. Rc2 Reg7 46. Bf3
Rg3 47. Ke2 Rxh3 48. Rc6 Rg6 49. Rc8 Rgg3 50. d6 Kxd6 51. Rc6+ Ke5 0-1

[Event "Olimpiade 2022 - Open"]
[Site "Chennai"]
[Date "09.08.2022"]
[Round "11.80"]
[Board "2"]
[White "Egbe, Kossi Thierry"]
[Black "Young, Christopher"]
[Result "1/2-1/2"]
[WhiteElo "1703"]
[BlackElo "1620"]
[WhiteTeam "Togo"]
[BlackTeam "Cayman Islands"]
[WhiteFideId "21201510"]
[BlackFideId "33100039"]
[EventDate "2022.07.29"]

1. e4 c5 2. Nf3 e6 3. d4 cxd4 4. Nxd4 a6 5. Bd3 Qc7 6. O-O Nf6 7. Nc3 b5 8. Be3
Bb7 9. a3 Nc6 10. Nxc6 Bxc6 11. f4 d5 12. e5 Ne4 13. Ne2 Be7 14. Bxe4 dxe4 15.
Nd4 g6 16. Qe2 Bd5 17. Rfd1 h5 18. a4 b4 19. Rdc1 Bc4 20. Qf2 O-O 21. c3 b3 22.
h3 f6 23. Qg3 Kh7 24. Re1 Rad8 25. h4 Rf7 26. Qh3 f5 27. g3 Bc5 28. Qg2 Bd5 29.
Qf2 Rc8 30. Red1 Rd7 31. Rac1 Bc4 32. Ra1 Qa5 33. Kh2 Qc7 34. Rd2 Bxd4 35. Rxd4
Rxd4 36. Bxd4 Bd3 37. Bb6 Qc6 38. Qd4 Kg7 39. Kg1 Kf7 40. Kf2 Ke7 41. Qb4+ Kf7
42. Qxb3 Rb8 43. a5 e3+ 44. Kxe3 Qe4+ 45. Kd2 Qe2+ 46. Kc1 Qe1+ 47. Qd1 Qxg3 48.
Ra4 Rxb6 49. axb6 Qe3+ 50. Qd2 Qg1+ 1/2-1/2

[Event "Olimpiade 2022 - Open"]
[Site "Chennai"]
[Date "09.08.2022"]
[Round "11.80"]
[Board "4"]
[White "Tchouka, Yakini"]
[Black "Powell, Malcolm"]
[Result "1-0"]
[WhiteElo "1934"]
[BlackElo "1218"]
[WhiteTeam "Togo"]
[BlackTeam "Cayman Islands"]
[WhiteFideId "21201382"]
[BlackFideId "7404719"]
[EventDate "2022.07.29"]

1. e4 c6 2. d4 d5 3. exd5 cxd5 4. Bd3 Nc6 5. c3 Nf6 6. Bf4 g6 7. Nd2 Bg7 8. Ngf3
Bg4 9. h3 Bxf3 10. Nxf3 O-O 11. Qd2 a6 12. O-O b5 13. Rfe1 e6 14. Qe2 Qd7 15. a4
b4 16. Bxa6 bxc3 17. bxc3 Ne4 18. Bb5 Nxc3 19. Qb2 Nxb5 20. axb5 Nxd4 21. Nxd4
Rxa1 22. Qxa1 Bxd4 23. Qxd4 f6 24. Qb4 e5 25. Bd2 Rb8 26. b6 Rb7 27. Bh6 Qd8 28.
Rb1 g5 29. h4 d4 30. hxg5 fxg5 31. Qb3+ Kh8 32. Qe6 Qb8 33. Rc1 1-0

[Event "Olimpiade 2022 - Open"]
[Site "Chennai"]
[Date "09.08.2022"]
[Round "11.82"]
[Board "1"]
[White "Weldegebriel Beraki, Kibrom"]
[Black "Volpinari, Danilo"]
[Result "1/2-1/2"]
[WhiteTitle "CM"]
[BlackTitle "FM"]
[WhiteElo "1793"]
[BlackElo "1955"]
[WhiteTeam "Eritrea"]
[BlackTeam "San Marino"]
[WhiteFideId "15701190"]
[BlackFideId "11800054"]
[EventDate "2022.07.29"]

1. d4 d5 2. c4 c6 3. Nc3 Nf6 4. Nf3 dxc4 5. e4 Bg4 6. Bxc4 e6 7. Be3 Bb4 8. Bd3
Nbd7 9. O-O O-O 10. a3 Be7 11. e5 Nd5 12. Nxd5 cxd5 13. Be2 Bf5 14. Bd3 Bxd3 15.
Qxd3 Nb6 16. Bd2 Nc4 17. b3 Nxd2 18. Qxd2 Qb6 19. Qb2 Rfc8 20. Rfc1 Rc6 21. Rxc6
bxc6 22. Qc2 Rb8 23. b4 Qa6 24. Qc3 Qa4 25. h3 g6 26. Rc1 Rb6 27. Ne1 Bg5 28.
Ra1 a5 29. bxa5 Ra6 30. Nd3 Qxa5 31. Qxa5 Rxa5 32. a4 Bd2 33. Ra3 f6 34. exf6
Kf7 35. Kf1 Bh6 36. Ne5+ Kxf6 37. Nxc6 Ra6 38. Nb4 Ra8 39. Ke2 Bf8 40. Rf3+ Kg7
41. Nc6 Rxa4 42. Nd8 Ra2+ 43. Kd1 Ra6 44. g4 Rd6 45. Nf7 Ra6 46. Ne5 Ra4 47. Rd3
Bd6 48. Nf3 Ra2 49. Ke1 h6 50. h4 Ra1+ 51. Ke2 Bf4 52. Rb3 Kf6 53. Rb6 Ra2+ 54.
Kf1 Ra4 55. Ke2 Ra3 56. Rb7 Ra2+ 1/2-1/2

[Event "Olimpiade 2022 - Open"]
[Site "Chennai"]
[Date "09.08.2022"]
[Round "11.82"]
[Board "2"]
[White "Herrera, Adrian"]
[Black "Asante Debesai Zerabruk"]
[Result "0-1"]
[WhiteElo "1563"]
[BlackElo "1785"]
[WhiteTeam "San Marino"]
[BlackTeam "Eritrea"]
[WhiteFideId "11800356"]
[BlackFideId "15701310"]
[EventDate "2022.07.29"]

1. e4 d6 2. d4 Nf6 3. Nc3 Nbd7 4. Nf3 e5 5. dxe5 dxe5 6. Bc4 Be7 7. h3 c6 8. a4
a5 9. O-O h6 10. Be3 Qc7 11. Qe2 g5 12. Bxg5 hxg5 13. Nxg5 Rf8 14. Qf3 Nc5 15.
Rad1 Be6 16. Bxe6 Nxe6 17. Nxe6 fxe6 18. Rd3 Bd6 19. Rfd1 O-O-O 20. Qe3 Kb8 21.
Ne2 Be7 22. g4 Rxd3 23. Rxd3 Rg8 24. Qf3 Bd8 25. Ng3 Qg7 26. Rd6 Qe7 27. Qd1 Bb6
28. c3 Nd5 29. Rxd5 cxd5 30. exd5 Qc5 31. Qe1 Qxd5 32. Ne4 Rf8 0-1

[Event "Olimpiade 2022 - Open"]
[Site "Chennai"]
[Date "09.08.2022"]
[Round "11.82"]
[Board "3"]
[White "Samuel Merhawi Gebrehiwet"]
[Black "Righi, Ezio"]
[Result "1/2-1/2"]
[BlackTitle "CM"]
[WhiteElo "1616"]
[BlackElo "1912"]
[WhiteTeam "Eritrea"]
[BlackTeam "San Marino"]
[WhiteFideId "15701204"]
[BlackFideId "11800038"]
[EventDate "2022.07.29"]

1. d4 d5 2. c4 e6 3. Nf3 c6 4. b3 Nf6 5. e3 Nbd7 6. Bd3 Bd6 7. O-O O-O 8. Nbd2
Re8 9. Bb2 e5 10. dxe5 Nxe5 11. Nxe5 Bxe5 12. Bxe5 Rxe5 13. Qc2 h6 14. Rad1 Re8
15. h3 Be6 16. Nf3 Qe7 17. Nd4 dxc4 18. bxc4 c5 19. Nb5 Red8 20. e4 Bd7 21. Nc3
Bc6 22. Nd5 Bxd5 23. cxd5 a6 24. a4 Rab8 25. f4 b5 26. d6 Qa7 27. Qf2 Qb6 28. e5
Nd7 29. axb5 axb5 30. Bb1 c4 31. Rd4 Rbc8 32. Kh1 c3 33. Qc2 Nf8 34. Qe4 c2 35.
Bxc2 Rxc2 36. f5 Qc6 37. e6 Qxe4 38. Rxe4 fxe6 39. fxe6 Nxe6 40. Rxe6 Rd2 41.
Rf5 R2xd6 42. Rxd6 Rxd6 43. Rxb5 1/2-1/2